Catálogo
 En Linea
Vista normal Vista MARC

Entrada Nombre de reunión

Número de registros utilizados en: 1

001 - NÚMERO DE CONTROL

  • campo de control: 49063

003 - IDENTIFICADOR DEL NÚMERO DE CONTROL

  • campo de control: OSt

005 - FECHA Y HORA DE LA ÚLTIMA TRANSACCIÓN

  • campo de control: 20200615034256.0

008 - DATOS DE LONGITUD FIJA

  • campo de control de longitud fija: 200615|| aca||aabn | a|a d

040 ## - FUENTE DE LA CATALOGACIÓN

  • Centro catalogador/agencia de origen: OSt
  • Centro/agencia transcriptor: OSt

111 ## - ENCABEZAMIENTO--NOMBRE DE CONGRESO/REUNIÓN

  • Nombre de congreso/reunión o jurisdicción como elemento de entrada: Conferencia Internacional sobre Población y Desarrollo
  • Fecha del congreso/reunión: (1994 oct. 9-13 :
  • Sede del congreso/Lugar de la reunión: El Cairo)

670 ## - FUENTE DE DATOS ENCONTRADOS

  • Cita de la fuente: Work cat.: (OSt)23346: Conferencia Internacional sobre Población y Desarrollo (1994 oct. 9-13 : El Cairo), informe de La Conferencia Internacional sobre Población y Desarrollo., 1998.

Con tecnología Koha